000 00388nam a22001457a 4500
003 MACL
005 20170608120348.0
008 170608b xxu||||| |||| 00| 0 eng d
040 _c MACL
100 _aGhosh Mandira
_97865
245 _aBenares: The Sacred City
_bIn Verses and Hymns
260 _aGurgaon
_bShubhi Publications
_c2016
650 _aHistory
_967359
942 _2ddc
_cBK
999 _c56467
_d56467